Philippine labor migration : impact and policy /

Disimpan dalam:
Butiran Bibliografi
Pengarang Korporat: Scalabrini Migration Center.
Pengarang-pengarang Lain: Battistella, Graziano., Paganoni, Anthony.
Format: Buku
Bahasa:English
Diterbitkan: Quezon City, Philippines : Scalabrini Migration Center, 1992.
Edisi:1st ed.
Subjek-subjek:
Penanda-penanda: Tambah Penanda
Tiada Penanda, Jadilah orang pertama menanda rekod ini!
LEADER 00932aam a2200301 a 4500
001 002684792-2
005 20020606093309.7
008 940223s1992 ph b 000 0 eng
010 |a  92948329  
020 |a 9718789022 
035 0 |a ocm28910626 
040 |a DLC  |c DLC 
042 |a lcode 
043 |a a-ph--- 
050 0 0 |a HD6305.F55  |b P47 1992 
245 0 0 |a Philippine labor migration :  |b impact and policy /  |c edited by Graziano Battistella and Anthony Paganoni. 
250 |a 1st ed. 
260 |a Quezon City, Philippines :  |b Scalabrini Migration Center,  |c 1992. 
300 |a 134 p. ;  |c 23 cm. 
504 |a Includes bibliographical references. 
650 0 |a Foreign workers  |z Philippines. 
650 0 |a Migrant labor. 
651 0 |a Philippines  |x Emigration and immigration. 
700 1 |a Battistella, Graziano. 
700 1 |a Paganoni, Anthony. 
710 2 |a Scalabrini Migration Center. 
988 |a 20020608 
906 |0 DLC